000 00338pam a2200157a 44500
008 230515b1998 xxu||||| |||| 00| 0 eng d
020 _aNULL
041 _aENGL
082 _a006.6 / YAI
100 _aYAIHAWANT
245 _aGRAPHICS UNDER C
250 _aN.D.
260 _aNULL
_bB.P.B
_c1998
300 _a460 PB
650 _aNULL
999 _c631866
_d631866